مكتبة جامعة عجلون الوطنية

فهرس بحث المكتبة

Normal view MARC view
  • الجزيرة العربية (حائل، القصيم، الرياض) - اوضاع سياسية - القرن التاسع عشر - تاريخ - رحلات

Entry Topical Term

Number of records used in: 1

001 - CONTROL NUMBER

  • control field: 16280

003 - CONTROL NUMBER IDENTIFIER

  • control field: JO-AjAnu

005 - DATE AND TIME OF LATEST TRANSACTION

  • control field: 20230606072909.0

008 - FIXED-LENGTH DATA ELEMENTS

  • fixed length control field: 230606|| aca||aabn | a|a d

040 ## - CATALOGING SOURCE

  • Original cataloging agency: JO-AjAnu
  • Transcribing agency: JO-AjAnu

150 ## - HEADING--TOPICAL TERM

  • Topical term or geographic name entry element: الجزيرة العربية (حائل، القصيم، الرياض) - اوضاع سياسية - القرن التاسع عشر - تاريخ - رحلات

670 ## - SOURCE DATA FOUND

  • Source citation: Work cat.: (JO-AjAnu)8356: تقديم وتعريب وتحرير البادي، عوض, author 16279, الأوضاع السياسة في وسط الجزيرة العربية عند نهاية القرن التاسع عشر( حائل، القصيم، الرياض): نص رحلة البارون ادوارد نولده مبعوث روسيا الى نجد عام 1893م/1310هجري